| Поле | Название | Значение |
| |
Тип записи |
a |
| |
Библиографический уровень |
m |
| 001 |
Контрольный номер |
RU/URAIT/587611 |
| 005 |
Дата корректировки |
20260429163642.4 |
| 008 |
Кодируемые данные |
260429s2026 RU y f j 000 0 rus u |
| 020 |
Индекс ISBN |
__ |
| a |
ISBN |
978-5-534-13056-0 |
| c |
Цена, тираж |
489.00 |
| 040 |
Источник каталогиз. |
__ |
| a |
Служба первич. каталог. |
ИКО Юрайт |
| c |
Служба, преобразующая запись |
ИКО Юрайт |
| e |
Правила каталог. |
RCR |
| 041 |
Код языка издания |
__ |
| a |
Код языка текста |
rus |
| 044 |
Код страны публикации |
__ |
| a |
Код страны публикации |
RU |
| 080 |
Индекс УДК |
__ |
| a |
Индекс УДК |
796.06(075.32) |
| 084 |
Индекс другой классификации/Индекс ББК |
__ |
| 2 |
Источник индекса |
rubbk |
| a |
Индекс другой классификации/Индекс ББК |
75я723 |
| 100 |
Автор |
__ |
| a |
Автор |
Поливаев А. Г. |
| q |
Полное имя |
Поливаев Алексей Геннадьевич |
| 245 |
Заглавие |
__ |
| a |
Заглавие |
Базовые и новые виды физкультурно-спортивной деятельности. Соревнования по игровым видам спорта |
| b |
Продолж. заглавия |
учебник для спо |
| c |
Ответственность |
А. Г. Поливаев. |
| 250 |
Сведения об издании |
__ |
| a |
Основные сведения об издании |
2-е изд. |
| 256 |
Характеристики компьютерного файла |
__ |
| a |
Характеристики компьютерного файла |
Электрон. дан. |
| 260 |
Выходные данные |
__ |
| a |
Место издания |
Москва |
| b |
Издательство |
Юрайт |
| c |
Дата издания |
2026 |
| 300 |
Физическое описание |
__ |
| a |
Объем |
103 с |
| 440 |
Серия |
__ |
| a |
Серия |
Профессиональное образование |
| 500 |
Примечания |
__ |
| a |
Примечание |
URL: https://urait.ru/bcode/587611 (дата обращения: 29.04.2026). |
| 520 |
Аннотация |
__ |
| a |
Аннотация |
Курс содержит основные положения по судейству различных игровых видов спорта (баскетбол, волейбол, мини-футбол). В курсе рассматриваются вопросы механики и методики судейства в игровых видах спорта, требования к судьям и их основные обязанности. Соответствует актуальным требованиям Федерального государственного образовательного стандарта среднего профессионального образования и профессиональным требованиям. Курс предназначен для начинающих судей по данных игровым видам спорта, студентов факультетов физической культуры и физкультурных профилей подготовки педагогических ссузов, студентов физкультурных ссузов, обучающихся по направлениям «Педагогическое образование», «Педагогическое образование» и «Физическая культура». |
| 538 |
Прим. о системных особенностях |
__ |
| a |
Прим. о системных особенностях |
Режим доступа: Электронно-библиотечная система Юрайт, для авториз. пользователей |
| 653 |
Ключевые слова |
__ |
| a |
Ключевые слова |
Физическая культура |
| 653 |
Ключевые слова |
__ |
| a |
Ключевые слова |
Гуманитарные науки |
| 653 |
Ключевые слова |
__ |
| a |
Ключевые слова |
Физическая культура |
| 653 |
Ключевые слова |
__ |
| a |
Ключевые слова |
Физическая культура (физическая подготовка) |
| 653 |
Ключевые слова |
__ |
| a |
Ключевые слова |
Физкультура |
| 653 |
Ключевые слова |
__ |
| a |
Ключевые слова |
Физическая подготовка |
| 653 |
Ключевые слова |
__ |
| a |
Ключевые слова |
Физическая культура и спорт |
| 653 |
Ключевые слова |
__ |
| a |
Ключевые слова |
Общая физическая подготовка |
| 653 |
Ключевые слова |
__ |
| a |
Ключевые слова |
Базовые и новые физкультурно-оздоровительные виды с методикой преподавания |
| 653 |
Ключевые слова |
__ |
| a |
Ключевые слова |
Физическая культура (базовая подготовка) |
| 653 |
Ключевые слова |
__ |
| a |
Ключевые слова |
Физическая культура (углубленная подготовка) |
| 653 |
Ключевые слова |
__ |
| a |
Ключевые слова |
Физическая культура (ЗОЖ) |
| 653 |
Ключевые слова |
__ |
| a |
Ключевые слова |
Общая физическая культура |
| 653 |
Ключевые слова |
__ |
| a |
Ключевые слова |
Основы физической культуры |
| 653 |
Ключевые слова |
__ |
| a |
Ключевые слова |
Физическая культура спорт |
| 653 |
Ключевые слова |
__ |
| a |
Ключевые слова |
Физическая культура и спорт2 |
| 653 |
Ключевые слова |
__ |
| a |
Ключевые слова |
Элективная физическая культура |
| 653 |
Ключевые слова |
__ |
| a |
Ключевые слова |
Элективная физическая культура и спорт |
| 653 |
Ключевые слова |
__ |
| a |
Ключевые слова |
Физическая культура. Общие вопросы |
| 653 |
Ключевые слова |
__ |
| a |
Ключевые слова |
Физическая культура и спорт: теория и практика |
| 653 |
Ключевые слова |
__ |
| a |
Ключевые слова |
Физическая культура и здоровье |
| 653 |
Ключевые слова |
__ |
| a |
Ключевые слова |
Базовая физическая культура |
| 653 |
Ключевые слова |
__ |
| a |
Ключевые слова |
Физическая культура/ Адаптивная физическая культура |
| 653 |
Ключевые слова |
__ |
| a |
Ключевые слова |
Физическая культура и спорт. Общая физическая подготовка |
| 653 |
Ключевые слова |
__ |
| a |
Ключевые слова |
Физическая культура и спорт. Спортивная подготовка |
| 653 |
Ключевые слова |
__ |
| a |
Ключевые слова |
Базовые и новые виды физкультурно-спортивной деятельности |
| 653 |
Ключевые слова |
__ |
| a |
Ключевые слова |
Физическая культура здоровье |
| 653 |
Ключевые слова |
__ |
| a |
Ключевые слова |
Физическая культура (элективная дисциплина) |
| 653 |
Ключевые слова |
__ |
| a |
Ключевые слова |
Физическая культура и спорт (элективный курс) |
| 653 |
Ключевые слова |
__ |
| a |
Ключевые слова |
Элективные курсы по физической культуре, Физическая культура и спорт |
| 653 |
Ключевые слова |
__ |
| a |
Ключевые слова |
Физическая культура (элективные курсы) |
| 653 |
Ключевые слова |
__ |
| a |
Ключевые слова |
Физическая культура: общая физическая подготовка |
| 856 |
Электронный адрес документа |
40 |
| n |
Местонахождение сервера |
Юрайт |
| g |
|
Электронная книга |
| q |
Тип электронного формата |
html |
| h |
Имя пользователя |
ЮРАЙТ |
| v |
Часы доступа к ресурсу |
20271231 |
| 2 |
Способ доступа |
Показать документ |
| x |
Служебное примечание |
https://urait.ru/book/cover/8243AA1B-CC99-4D2A-9D0D-E7B47525F3EA |
| u |
URL |
https://urait.ru/bcode/587611 |
| 856 |
Электронный адрес документа |
48 |
| q |
Тип электронного формата |
cover |
| u |
URL |
https://urait.ru/book/cover/8243AA1B-CC99-4D2A-9D0D-E7B47525F3EA |
| 911 |
|
__ |
| u |
|
0030=https://urait.ru/bcode/587611 |
| 911 |
|
__ |
| u |
|
073a=9785534130560 |
| u |
|
073d=489.00 |
| 911 |
|
__ |
| u |
|
106a=s |
| 911 |
|
__ |
| u |
|
900l= |
| 952 |
Тип литературы |
__ |
| i |
Дисциплина |
Физическая культура |
| 952 |
Тип литературы |
__ |
| i |
Дисциплина |
Физическая культура (физическая подготовка) |
| 952 |
Тип литературы |
__ |
| i |
Дисциплина |
Физкультура |
| 952 |
Тип литературы |
__ |
| i |
Дисциплина |
Физическая подготовка |
| 952 |
Тип литературы |
__ |
| i |
Дисциплина |
Физическая культура и спорт |
| 952 |
Тип литературы |
__ |
| i |
Дисциплина |
Общая физическая подготовка |
| 952 |
Тип литературы |
__ |
| i |
Дисциплина |
Базовые и новые физкультурно-оздоровительные виды с методикой преподавания |
| 952 |
Тип литературы |
__ |
| i |
Дисциплина |
Физическая культура (базовая подготовка) |
| 952 |
Тип литературы |
__ |
| i |
Дисциплина |
Физическая культура (углубленная подготовка) |
| 952 |
Тип литературы |
__ |
| i |
Дисциплина |
Физическая культура (ЗОЖ) |
| 952 |
Тип литературы |
__ |
| i |
Дисциплина |
Общая физическая культура |
| 952 |
Тип литературы |
__ |
| i |
Дисциплина |
Основы физической культуры |
| 952 |
Тип литературы |
__ |
| i |
Дисциплина |
Физическая культура спорт |
| 952 |
Тип литературы |
__ |
| i |
Дисциплина |
Физическая культура и спорт2 |
| 952 |
Тип литературы |
__ |
| i |
Дисциплина |
Элективная физическая культура |
| 952 |
Тип литературы |
__ |
| i |
Дисциплина |
Элективная физическая культура и спорт |
| 952 |
Тип литературы |
__ |
| i |
Дисциплина |
Физическая культура. Общие вопросы |
| 952 |
Тип литературы |
__ |
| i |
Дисциплина |
Физическая культура и спорт: теория и практика |
| 952 |
Тип литературы |
__ |
| i |
Дисциплина |
Физическая культура и здоровье |
| 952 |
Тип литературы |
__ |
| i |
Дисциплина |
Базовая физическая культура |
| 952 |
Тип литературы |
__ |
| i |
Дисциплина |
Физическая культура/ Адаптивная физическая культура |
| 952 |
Тип литературы |
__ |
| i |
Дисциплина |
Физическая культура и спорт. Общая физическая подготовка |
| 952 |
Тип литературы |
__ |
| i |
Дисциплина |
Физическая культура и спорт. Спортивная подготовка |
| 952 |
Тип литературы |
__ |
| i |
Дисциплина |
Базовые и новые виды физкультурно-спортивной деятельности |
| 952 |
Тип литературы |
__ |
| i |
Дисциплина |
Физическая культура здоровье |
| 952 |
Тип литературы |
__ |
| i |
Дисциплина |
Физическая культура (элективная дисциплина) |
| 952 |
Тип литературы |
__ |
| i |
Дисциплина |
Физическая культура и спорт (элективный курс) |
| 952 |
Тип литературы |
__ |
| i |
Дисциплина |
Элективные курсы по физической культуре, Физическая культура и спорт |
| 952 |
Тип литературы |
__ |
| i |
Дисциплина |
Физическая культура (элективные курсы) |
| 952 |
Тип литературы |
__ |
| i |
Дисциплина |
Физическая культура: общая физическая подготовка |